000
00324nam a2200157Ia 4500
100
_a
Dostalek/Libor
650
_a
TCP/IP
942
_c
BK
366
_f
20
245
_a
Understanding TCP/IP
260
_b
Shroff Publishers
_c
2006
082
_a
4.62
_b
DOS
300
_a
462
546
_a
ENGLISH
_c
Computers
999
_c
23048
_d
23048